000 nam a22 7a 4500
999 _c10102
_d10102
008 180212b ||||| |||| 00| 0 eng d
100 _aCBSE
_96121
245 _aOnline application from to seek
260 _aNew Delhi
_bCBSE
_c2006